| 000 | 00395nam a22001571a 4500 | ||
|---|---|---|---|
| 999 |
_c42069 _d42069 |
||
| 020 | _a9788170555162 | ||
| 082 |
_aH 891.430 8 _bRAG/S |
||
| 100 | _aRaghuvir Sahay | ||
| 245 |
_aSiidiyom par dhoop mein/ _cby Raghuvir Sahay |
||
| 260 |
_aNew Delhi: _bVani, _c1997. |
||
| 300 | _a204p. | ||
| 650 | _aLiterature Raghuvir Sahay | ||
| 650 | _aLiterature Hindi | ||
| 650 | _aLiterature | ||
| 942 | _cBK | ||